[Event "Champ FRA - Under 8"]
[Site "Europe Echecs"]
[Date "2020.07.06"]
[Round "9"]
[Time "17:53:35"]
[PlyCount "33"]
[White "ChenSophie"]
[Black "PeuzinNoan"]
[WhiteElo "800"]
[BlackElo "1080"]
[Mode "WEB"]
[Result "0-1"]

1. e4 e5 2. Nf3 Bc5 3. Bc4 Nf6 4. O-O Nxe4 5. d3 Nd6 6. Bb5 O-O 7. Ba4 Qf6 8.
Bg5 Qg6 9. Be7 Re8 10. Bh4 Qh5 11. Ng5 Qxh4 12. Nf3 Qg4 13. Nfd2 Qg5 14. Nc3 Re6
15. Nc4 Rg6 16. Nxd6 Qxg2# {ChenSophie est échec et mat} 0-1

[Event "Champ FRA - Under 8"]
[Site "Europe Echecs"]
[Date "2020.07.06"]
[Round "9"]
[Time "17:53:35"]
[PlyCount "59"]
[White "MauricDalmauCa"]
[Black "PopThomas"]
[WhiteElo "799"]
[BlackElo "1030"]
[Mode "WEB"]
[Result "0-1"]

1. e3 d5 2. e4 dxe4 3. Nc3 Nf6 4. d4 exd3 5. cxd3 Bf5 6. d4 e6 7. Bb5+ c6 8. Be2
Bd6 9. Nf3 O-O 10. O-O e5 11. dxe5 Bxe5 12. Nxe5 Ne4 13. Bd3 Nxc3 14. Qc2 Bxd3
15. Qxd3 Qxd3 16. bxc3 Qxc3 17. Rd1 Qxa1 18. g3 Qxe5 19. f4 Qc5+ 20. Be3 Qxe3+
21. Kg2 Re8 22. Rf1 Qe2+ 23. Rf2 Qe4+ 24. Kh3 Re6 25. Re2 Qxe2 26. Kh4 Rh6+ 27.
Kg5 f6+ 28. Kf5 Nd7 29. g4 g6# {MauricDalmauCa est échec et mat} 0-1

[Event "Champ FRA - Under 8"]
[Site "Europe Echecs"]
[Date "2020.07.06"]
[Round "9"]
[Time "17:53:35"]
[PlyCount "111"]
[White "GrallKynan"]
[Black "MolinesThibaut"]
[WhiteElo "1020"]
[BlackElo "799"]
[Mode "WEB"]
[Result "1/2-1/2"]

1. e4 e5 2. Bc4 Nc6 3. Qf3 Qe7 4. d3 d6 5. Bg5 Bd7 6. Bxe7 Bxe7 7. Qxf7+ Kd8 8.
Qf8+ Bxf8 9. Nc3 Nf6 10. Rd1 h5 11. Nh3 Bxh3 12. O-O Bd7 13. Rd2 Nb4 14. Re2 c5
15. Re3 Ng4 16. Rf3 Nh6 17. Rxf8+ Rxf8 18. Re1 a6 19. Re3 b5 20. Rg3 Rg8 21. Rg6
Nf7 22. Rxd6 Nxd6 23. Bxg8 Ke8 24. Nd5 Bc6 25. Nc7+ Kd8 26. Ne6+ Kc8 27. Nf8
Nxc2 28. Be6+ Kb8 29. Nd7+ Ka7 30. Nxc5 Nb4 31. Nd7 Nxd3 32. Nc5 Nxb2 33. Nb3
Nbc4 34. Na5 Nxa5 35. Bd7 Bxd7 36. f4 exf4 37. e5 Nf7 38. e6 Bxe6 39. g4 hxg4
40. h3 gxh3 41. Kh2 Bxa2 42. Kh1 b4 43. Kg1 b3 44. Kf1 b2 45. Ke1 b1=Q+ 46. Ke2
Rc8 47. Kf3 Rc3+ 48. Kg4 Qg1+ 49. Kh5 Rc6 50. Kh4 Rc5 51. Kxh3 Rc4 52. Kh4 Qh1+
53. Kg4 Qg1+ 54. Kh4 Qg2 55. Kh5 f3 {Nulle par pat} 1/2-1/2